000
00193 a2200097 4500
020
_a
9682424054
041
_a
spa
100
_a
Lilian Moore
245
_a
Mi primer libros de cuentas
942
_c
K
999
_c
28758
_d
28758